000
00273nam a22000977a 4500
082
_a
598.2 PRO'A
100
_a
APPLIED PHYSICS
_9
57206
245
_a
PROCEEDINGS OF THE FIFTH SYMPOSIUM ON MAGNETISM AND MAGNETIC MATERIALS
260
_a
NEWYORK
_b
MCGRAW HILL
_c
1960
942
_c
BK
999
_c
567498
_d
567498